000 00743nam a2200241Ia 4500
003 GCL
008 140319s9999 xx 000 0 ara d
040 _aGCL /
_cGCL
082 0 4 _a371.102
_bح م
100 1 _aحسن شحاته
245 1 0 _aالمعلمون والمتعلمون : أنماطهم وسلوكهم وادوارهم /
_cحسن شحاته
700 1 _aمحبات ابو عميرة
260 _a[S.N] :
_bمكتبة الدار العربية للكتاب ،
_c1994
300 _a134 ص
490 _a
650 0 4 _aالتعليم
650 0 4 _aالتربية
650 0 4 _aالمدرسة والمجتمع
650 0 4 _aتقييم
650 0 4 _aالمدرسون
650 0 4 _aالتربويون
942 _2ddc
_cBK
999 _c36615
_d36615